000 00323nam a22001337a 4500
008 181023b xxu||||| |||| 00| 0 eng d
020 _a9781591942016
041 _aeng
080 _25 ED
_a370
100 _a37
101 _aEDU
245 _aThe Steps Advancing College Reading Skills
_cLangam.J
942 _2udc
_cBK
999 _c50690
_d50690